[Event "Bucaramanga Udi Cup"]
[Site "Bucaramanga"]
[Date "2014.10.18"]
[Round "6"]
[White "Palacio Padilla, Pablo Persi"]
[Black "Martinez, Laura Natalia"]
[Result "1-0"]
[WhiteElo "1934"]
[BlackElo "1693"]
[PlyCount "55"]
[EventDate "2014.10.15"]
[EventType "swiss"]
[EventRounds "9"]
[EventCountry "COL"]
[SourceTitle "EXT 2015"]
[Source "ChessBase"]
[SourceDate "2014.11.20"]
[SourceVersion "1"]
[SourceVersionDate "2014.11.20"]
[SourceQuality "1"]

1. e4 c5 2. Nf3 d6 3. d4 cxd4 4. Nxd4 Nf6 5. Nc3 g6 6. Be2 Bg7 7. Be3 0-0 8. f3 Nc6 9. Qd2 Bd7 10. 0-0-0 Rc8 11. h4 h5 12. Nxc6 Rxc6 13. Bh6 Rxc3 14. Bxg7 Rxc2+ 15. Kxc2 Qc7+ 16. Kb1 Kxg7 17. g4 hxg4 18. h5 Rh8 19. hxg6 Rxh1 20. Rxh1 fxg6 21. Qh6+ Kf7 22. Rc1 Qa5 23. fxg4 Nxe4 24. Rf1+ Nf6 25. Qh7+ Ke6 26. Qxg6 Bb5 27. Qf5+ Kf7 28. Bxb5 1-0

[Event "COL-ch sf"]
[Site "Medellin"]
[Date "2014.??.??"]
[Round "11"]
[White "Palacio Padilla, Pablo Persi"]
[Black "Montoya Diaz, Cesar Augusto"]
[Result "0-1"]
[WhiteElo "1915"]
[BlackElo "2139"]
[PlyCount "60"]
[EventDate "2014.04.15"]
[EventType "swiss"]
[EventRounds "11"]
[EventCountry "COL"]
[SourceTitle "CBM 160 Extra"]
[Source "ChessBase"]
[SourceDate "2014.07.01"]
[SourceVersion "1"]
[SourceVersionDate "2014.07.01"]
[SourceQuality "1"]

1. e4 e5 2. Nf3 Nc6 3. Bb5 a6 4. Ba4 Nf6 5. d3 b5 6. Bb3 d5 7. exd5 Nxd5 8. Ng5 Nd4 9. 0-0 Bb7 10. c4 Nf4 11. Bxf4 exf4 12. Re1+ Be7 13. Qh5 g6 14. Qh6 Nf5 15. Qh3 Kf8 16. Ne4 Kg7 17. Nbc3 Nd4 18. g4 h5 19. Nd5 Bxd5 20. cxd5 Bb4 21. Nc3 hxg4 22. Qxg4 Rh4 23. Qg2 f3 24. Qh1 Qg5+ 25. Kf1 Qf5 26. Re4 Rah8 27. Ke1 Rxe4+ 28. dxe4 Qxe4+ 29. Kd2 Qe2+ 30. Kc1 Qxf2 0-1

[Event "COL-ch sf"]
[Site "Medellin"]
[Date "2014.??.??"]
[Round "4"]
[White "Ramirez Florez, Edwin"]
[Black "Palacio Padilla, Pablo Persi"]
[Result "0-1"]
[WhiteElo "1790"]
[BlackElo "1915"]
[PlyCount "30"]
[EventDate "2014.04.15"]
[EventType "swiss"]
[EventRounds "11"]
[EventCountry "COL"]
[SourceTitle "CBM 160 Extra"]
[Source "ChessBase"]
[SourceDate "2014.07.01"]
[SourceVersion "1"]
[SourceVersionDate "2014.07.01"]
[SourceQuality "1"]

1. e4 c5 2. Nf3 e6 3. d4 cxd4 4. Nxd4 a6 5. g3 Nc6 6. Bg2 Bc5 7. Be3 Qb6 8. c3 Qxb2 9. Nc2 Bxe3 10. Nxe3 Qxa1 11. Qc2 Nge7 12. 0-0 0-0 13. Nd2 Nd4 14. Rxa1 Nxc2 15. Nxc2 b5 0-1

[Event "COL-ch"]
[Site "Ibague"]
[Date "2013.07.04"]
[Round "6"]
[White "Ribero, Guillermo Andres"]
[Black "Palacio Padilla, Pablo Persi"]
[Result "1-0"]
[WhiteElo "1761"]
[BlackElo "1931"]
[PlyCount "28"]
[EventDate "2013.07.01"]
[EventType "swiss"]
[EventRounds "11"]
[EventCountry "COL"]
[SourceTitle "EXT 2014"]
[Source "ChessBase"]
[SourceDate "2013.11.20"]
[SourceVersion "1"]
[SourceVersionDate "2013.11.20"]
[SourceQuality "1"]

1. e4 c5 2. Nf3 e6 3. d4 cxd4 4. Nxd4 a6 5. c4 Nf6 6. Bd3 Qc7 7. 0-0 Nc6 8. Be3 d6 9. Nc3 Bd7 10. b3 Be7 11. f4 h5 12. h3 g6 13. Rc1 Qd8 14. Qe1 e5 1-0

[Event "COL-ch"]
[Site "Ibague"]
[Date "2013.07.01"]
[Round "1"]
[White "Palacio Padilla, Pablo Persi"]
[Black "Diaz, Jaime Walter"]
[Result "1/2-1/2"]
[WhiteElo "1931"]
[BlackElo "2175"]
[PlyCount "81"]
[EventDate "2013.07.01"]
[EventType "swiss"]
[EventRounds "11"]
[EventCountry "COL"]
[SourceTitle "EXT 2014"]
[Source "ChessBase"]
[SourceDate "2013.11.20"]
[SourceVersion "1"]
[SourceVersionDate "2013.11.20"]
[SourceQuality "1"]

1. d4 Nf6 2. Nf3 g6 3. h3 d6 4. Bf4 Bg7 5. e3 0-0 6. Nbd2 Nbd7 7. Be2 Re8 8. 0-0 e5 9. dxe5 dxe5 10. Bh2 e4 11. Nd4 Ne5 12. Nc4 Nfd7 13. c3 Qe7 14. Qc2 f5 15. Rad1 h5 16. Rd2 Qf7 17. b3 Kh7 18. Rfd1 a6 19. a4 h4 20. Nxe5 Nxe5 21. f4 exf3 22. Bxf3 c5 23. Bxe5 Rxe5 24. Ne2 Be6 25. c4 Rxe3 26. Rd3 Rxd3 27. Qxd3 Bf6 28. Nf4 Rd8 29. Qe2 Rxd1+ 30. Qxd1 Bd4+ 31. Kh1 Bc8 32. Qe1 g5 33. Bd5 Qf6 34. Ne6 Bxe6 35. Qxe6 Qxe6 36. Bxe6 Kg6 37. a5 Bc3 38. Bc8 Bxa5 39. Bxb7 Be1 40. Kg1 a5 41. Kf1 1/2-1/2

[Event "Ortega op 3rd"]
[Site "Ortega"]
[Date "2013.06.10"]
[Round "7"]
[White "Lozano Ramirez, Nestor Favian"]
[Black "Palacio Padilla, Pablo Persi"]
[Result "1-0"]
[WhiteElo "2102"]
[BlackElo "1944"]
[PlyCount "58"]
[EventDate "2013.06.07"]
[EventType "swiss"]
[EventRounds "8"]
[EventCountry "COL"]
[SourceTitle "CBM 154 Extra"]
[Source "ChessBase"]
[SourceDate "2013.06.25"]
[SourceVersion "2"]
[SourceVersionDate "2013.06.25"]
[SourceQuality "1"]

1. c4 e5 2. g3 Nf6 3. Bg2 Be7 4. Nc3 c6 5. d4 d6 6. e4 0-0 7. Nge2 Nbd7 8. 0-0 Re8 9. h3 Qc7 10. Be3 b6 11. Rc1 Bb7 12. g4 c5 13. dxe5 Nxe5 14. b3 Rad8 15. Nf4 h6 16. Qc2 g5 17. Nfe2 d5 18. Nxd5 Bxd5 19. cxd5 Nexg4 20. hxg4 Nxg4 21. Rfe1 Qh2+ 22. Kf1 Nxe3+ 23. fxe3 Rd6 24. e5 Qxe5 25. Nc3 Rf6+ 26. Ke2 Qg3 27. Kd3 Rd8 28. Rf1 Rf4 29. Rxf4 gxf4 1-0

[Event "Ortega op 3rd"]
[Site "Ortega"]
[Date "2013.06.07"]
[Round "1"]
[White "Moreno Bermudez, Jhon Jairo"]
[Black "Palacio Padilla, Pablo Persi"]
[Result "1/2-1/2"]
[WhiteElo "1784"]
[BlackElo "1944"]
[PlyCount "78"]
[EventDate "2013.06.07"]
[EventType "swiss"]
[EventRounds "8"]
[EventCountry "COL"]
[SourceTitle "CBM 154 Extra"]
[Source "ChessBase"]
[SourceDate "2013.06.25"]
[SourceVersion "2"]
[SourceVersionDate "2013.06.25"]
[SourceQuality "1"]

1. e4 c5 2. Nc3 e6 3. g3 Nc6 4. Bg2 Nf6 5. f4 d6 6. Nge2 Be7 7. 0-0 0-0 8. d3 a6 9. a4 Qc7 10. h3 Rb8 11. g4 b5 12. axb5 axb5 13. Ng3 b4 14. Nce2 Rd8 15. g5 Ne8 16. h4 f5 17. Bh3 g6 18. h5 d5 19. exf5 exf5 20. hxg6 hxg6 21. Kf2 Nd6 22. Rh1 Bf8 23. Bg2 Be6 24. Qg1 Bg7 25. Rh4 c4 26. Qh1 cxd3 27. cxd3 Nf7 28. Qh2 Nd4 29. Be3 Nxe2 30. Nxe2 Bxb2 31. Rh1 Kf8 32. Nd4 Bc8 33. Rh8+ Ke7 34. Rxd8 Kxd8 35. Bxd5 Bxd4 36. Bxd4 Ba6 37. Bxf7 Qc2+ 38. Ke1 Qc1+ 39. Ke2 Qc2+ 1/2-1/2

[Event "Barquisimeto op"]
[Site "Barquisimeto"]
[Date "2012.05.25"]
[Round "4"]
[White "Palacio Padilla, Pablo Persi"]
[Black "Malaga, Pedro L"]
[Result "1/2-1/2"]
[WhiteElo "1909"]
[BlackElo "2176"]
[PlyCount "180"]
[EventDate "2012.05.23"]
[EventType "swiss"]
[EventRounds "7"]
[EventCountry "VEN"]
[SourceTitle "CBM 148 Extra"]
[Source "ChessBase"]
[SourceDate "2012.06.22"]
[SourceVersion "1"]
[SourceVersionDate "2012.06.22"]
[SourceQuality "1"]

1. d4 Nf6 2. Nf3 g6 3. c4 Bg7 4. Nc3 0-0 5. e4 d6 6. Be2 e5 7. d5 Nh5 8. g3 f5 9. Nh4 Nf4 10. exf5 gxf5 11. Bxf4 exf4 12. Qd2 Qf6 13. Ng2 f3 14. Bxf3 Bh6 15. Nf4 Nd7 16. 0-0-0 Ne5 17. Be2 Ng6 18. Bd3 a6 19. Kb1 Ne5 20. Be2 Bd7 21. Qd4 Rab8 22. b4 b6 23. h3 Rbe8 24. Nh5 Qf7 25. f4 Ng6 26. Bf3 Bg7 27. Qxg7+ Qxg7 28. Nxg7 Kxg7 29. Rhe1 Kf6 30. a4 a5 31. b5 Rxe1 32. Rxe1 Re8 33. Rxe8 Bxe8 34. Bh5 Bd7 35. Bxg6 Kxg6 36. Ne2 h5 37. Nd4 Kf6 38. Nf3 Be8 39. Nh4 Bd7 40. Kc2 Be8 41. Kd3 Bd7 42. Nf3 Bc8 43. Kd4 Bd7 44. Ke3 Bc8 45. Nh2 Bd7 46. Kf3 Kg6 47. Nf1 Bc8 48. Ne3 Bd7 49. g4 fxg4+ 50. hxg4 hxg4+ 51. Nxg4 Bf5 52. Ne3 Bd3 53. Kg4 Be2+ 54. Kh4 Bd3 55. Kg4 Be2+ 56. Kg3 Bd3 57. Kf2 Kf6 58. Ke1 Bb1 59. Kd2 Be4 60. Kc3 Bb1 61. Kd4 Bg6 62. Nd1 Bc2 63. Ne3 Bg6 64. Ng2 Bh5 65. Ne1 Bd1 66. Kc3 Bxa4 67. Nf3 Bd1 68. Nd4 Bg4 69. Kb3 Bh3 70. Kc3 a4 71. Kb4 Bf1 72. Ne6 a3 73. Kxa3 Bxc4 74. Nxc7 Kf5 75. Kb4 Ba2 76. Na8 Bxd5 77. Nxb6 Bb7 78. Nc4 Ba8 79. Nxd6+ Kxf4 80. Kc5 Ke5 81. Nc4+ Ke6 82. Kb6 Bd5 83. Na5 Kd6 84. Nb7+ Kd7 85. Nc5+ Kd6 86. Nb7+ Kd7 87. Ka7 Kc7 88. b6+ Kc8 89. Nd6+ Kd7 90. Nb5 Bg2 1/2-1/2

[Event "Puerto Boyaca op"]
[Site "Puerto Boyaca"]
[Date "2012.04.28"]
[Round "5"]
[White "Herrera, Juan Sebastian"]
[Black "Palacio Padilla, Pablo Persi"]
[Result "1/2-1/2"]
[WhiteElo "2179"]
[BlackElo "1889"]
[PlyCount "74"]
[EventDate "2012.04.26"]
[EventType "swiss"]
[EventRounds "10"]
[EventCountry "COL"]
[SourceTitle "CBM 148 Extra"]
[Source "ChessBase"]
[SourceDate "2012.06.22"]
[SourceVersion "1"]
[SourceVersionDate "2012.06.22"]
[SourceQuality "1"]

1. e4 c5 2. Nf3 e6 3. Nc3 a6 4. Be2 Nc6 5. 0-0 Nf6 6. d4 cxd4 7. Nxd4 Qc7 8. Kh1 b5 9. a3 Bb7 10. f4 Nxd4 11. Qxd4 Bc5 12. Qd3 h5 13. e5 Ng4 14. Ne4 Rc8 15. Nxc5 Qxc5 16. Qg3 f5 17. exf6 gxf6 18. Bxg4 hxg4 19. f5 exf5 20. Be3 Qd5 21. Rad1 Rh3 22. Rxd5 Rxg3 23. hxg3 Bxd5 24. Rxf5 Be4 25. Rf4 f5 26. c3 Rc6 27. Kg1 Rd6 28. Bd4 Re6 29. Kf2 Kf7 30. Be3 Kg6 31. Bd4 Bd3 32. Be3 Re4 33. Rxe4 Bxe4 34. Bf4 Kf6 35. Ke3 Ke6 36. Kd4 d6 37. b4 Bxg2 1/2-1/2

[Event "Bogota Semana Santa op"]
[Site "Bogota"]
[Date "2012.04.06"]
[Round "5"]
[White "Jimenez, Jose Mauricio"]
[Black "Palacio Padilla, Pablo Persi"]
[Result "1-0"]
[WhiteElo "2197"]
[BlackElo "1889"]
[PlyCount "43"]
[EventDate "2012.04.04"]
[EventType "swiss"]
[EventRounds "9"]
[EventCountry "COL"]
[SourceTitle "CBM 147 Extra"]
[Source "ChessBase"]
[SourceDate "2012.04.24"]
[SourceVersion "1"]
[SourceVersionDate "2012.04.24"]
[SourceQuality "1"]

1. c4 e5 2. g3 Nf6 3. Bg2 d5 4. d3 Bb4+ 5. Nd2 c5 6. cxd5 Nxd5 7. Ngf3 Nc6 8. 0-0 Bxd2 9. Bxd2 0-0 10. Rc1 b6 11. a3 a5 12. b4 axb4 13. axb4 Ncxb4 14. Nxe5 Re8 15. d4 cxd4 16. Bxb4 Nxb4 17. Bxa8 Ba6 18. Bf3 Rxe5 19. Qa4 Bxe2 20. Bxe2 Rxe2 21. Qxb4 h6 22. Qc4 1-0

[Event "Bogota Semana Santa op"]
[Site "Bogota"]
[Date "2012.04.06"]
[Round "6"]
[White "Palacio Padilla, Pablo Persi"]
[Black "Gomez Barrero, Sergio"]
[Result "0-1"]
[WhiteElo "1889"]
[BlackElo "2053"]
[PlyCount "54"]
[EventDate "2012.04.04"]
[EventType "swiss"]
[EventRounds "9"]
[EventCountry "COL"]
[SourceTitle "CBM 147 Extra"]
[Source "ChessBase"]
[SourceDate "2012.04.24"]
[SourceVersion "1"]
[SourceVersionDate "2012.04.24"]
[SourceQuality "1"]

1. d4 d5 2. Nf3 Bf5 3. Bf4 c6 4. c3 h6 5. e3 Nf6 6. Nbd2 e6 7. h3 Bd6 8. Ne5 Bxe5 9. dxe5 Ne4 10. Nxe4 Bxe4 11. f3 Bh7 12. Bd3 Bxd3 13. Qxd3 Nd7 14. 0-0 Qc7 15. c4 Nxe5 16. Qd4 f6 17. cxd5 exd5 18. Rac1 Qe7 19. e4 dxe4 20. Rfe1 0-0 21. Bxe5 fxe5 22. Qxe4 Rfe8 23. f4 Qf7 24. fxe5 Qxa2 25. Rcd1 Qe6 26. Re2 Rad8 27. Rxd8 Rxd8 0-1

[Event "COL-ch Amateur"]
[Site "Neiva"]
[Date "2011.06.04"]
[Round "8"]
[White "Cordoba Rodriguez, Milton Dennis"]
[Black "Palacio Padilla, Pablo Persi"]
[Result "1-0"]
[WhiteElo "1939"]
[BlackElo "1905"]
[PlyCount "35"]
[EventDate "2011.06.02"]
[EventType "swiss"]
[EventRounds "9"]
[EventCountry "COL"]
[SourceTitle "CBM 142 Extra"]
[Source "ChessBase"]
[SourceDate "2011.06.27"]
[SourceVersion "1"]
[SourceVersionDate "2011.06.27"]
[SourceQuality "1"]

1. e4 c5 2. Nf3 e6 3. Nc3 a6 4. a4 Nc6 5. Bc4 d6 6. d3 Be7 7. Bf4 Bd7 8. 0-0 g5 9. Be3 g4 10. Nd2 h5 11. Ne2 Bg5 12. c3 Bxe3 13. fxe3 Ne5 14. d4 Nxc4 15. Nxc4 Bxa4 16. Rxa4 b5 17. dxc5 bxc4 18. Qd4 1-0